Responses for Show #4083 - Wednesday, May 8, 2002

2002 Million Dollar Masters semifinal game 1.

Contestants

[<< previous game]

Eric Newhouse, a director of technical assistance from Vermillion, South Dakota

Leslie Shannon, a manager of a research lab from Sydney, Australia

Bob Harris, an author, comedian, and radio commentator from Los Angeles, California

[next game >>]

Jeopardy! Round responses

AMERICAN REVOLUTIONARIES
TV's PRETTY FACES
THE HUNCHBACK OF NOTRE DAME
LI'L BOW WOW
LET A SMILE BE YOUR UMBRIA
STRAIN THY BRAIN
    $200 24
Hamilton

Eric
    $200 30
[When the round ends, Bob and Leslie turn and applaud Eric, who can't contain his smile]

Meredith Baxter Birney

Bob
    $200 25
Victor Hugo

Bob
    $200 9
a Chihuahua

Eric
    $200 8
the Sistine Chapel

Leslie
    $200 3
the sixth

Leslie
    $400 1
Nathan Hale

Bob
    $400 19
(Bob: [Upon getting the correct response] I got one!)
[Laughter]

Bobby Sherman

Bob
    $400 26
Quasimodo

Bob
    $400 20
a Yorkshire terrier

Eric
    $400 12
Assisi

Eric
    $400 4
Einstein

Bob
    $600 2
Anthony Wayne

Eric
    $600 18
(Freddie "Boom Boom") Washington

Eric
    $600 27
Esmeralda

Eric
    $600 21
Scotland

Leslie
    $600 13
Crayola

Eric
    $600 5
28

Eric
    $800 10
(Bob: Who is Daniel Boone?)

George Rogers Clark

BobEric
    $800 17
Laura Prepon

Triple Stumper
    $800 28
the Twelfth Night

Bob
    $800 22
a pug

Eric
    $800 14
grapes

Eric
    $800 6
[Both Bob and Leslie double over when Alex announces the correct response]

the San Francisco cable cars

Triple Stumper
    $1000 11
(Leslie: Who is Benedict Arnold?)

General Gates

Leslie
Triple Stumper
    $1000 16
Ashleigh Banfield

Eric
    $1000 29
Gothic

Eric
    $1000 23
a shih tzu

Eric
    $1,500 15
(Eric: You're going to hate me for this, let's to be conservative, $1500.)
[Leslie giggles]
(Alex: Why would I hate you for you suddenly changing to becoming a conservative individual?)

the Apennines

Eric
    $1000 7
the (real) Maltese Falcon

Triple Stumper

Scores at the first commercial break (after clue 15):

Bob Leslie Eric
$0 -$600 $5,500

Scores at the end of the Jeopardy! Round:

Bob Leslie Eric
$2,000 $0 $11,100

Double Jeopardy! Round responses

SHAKESPEARE
ALL THE PRESIDENTS' MEN
I'VE GOT A LITTLE LISZT
BOBBING FOR BOBS
TOUGH GEOGRAPHY
BEFORE, DURING & AFTER
(Alex: And finally, a variation on a popular category of ours: [*].) (Bob: Oh boy!) (Alex: This is like BEFORE & AFTER, but with an added element. For instance, a response might be, "toy soldier of fortune cookie". All right? Leslie, I bet you're not going to start with that category, are you?) (Leslie: And how right you are!)
    $400 14
Titus Andronicus

Bob
    $400 11
John Ashcroft

Eric
    $400 21
Wagner

Eric
    $400 22
(Alex: Somewhere "Beyond The Sea" was [*]'s tune.)

Bobby Darin

Triple Stumper
    $400 1
the Yangtze

Bob
    $400 6
Steve Martin Luther Vandross

Eric
    $6,400 15
(Alex: You can see the scores.)
[Bob has $6,400; Leslie has $1,200, and Eric leads commandingly with $18,700]
(Bob: Well, I get to say this in front of 6,000 people. Let's make it a True Daily Double.)
[Bob takes a bow to all the cheers]

Richard III

Bob
    $800 12
(John) Marshall

Eric
    $800 27
Lisztomania

Bob
    $800 23
(Bob: I'm from Ohio.)

the Bobcats

Bob
    $800 2
the Red Sea

Bob
    $800 7
Trailer Park Place Mat

Eric
    $1200 16
(Bob: What's All's Well That Ends Well?)

Measure for Measure

BobEric
    $1200 13
[Leslie's correct response amidst tough competition from Eric receives applause.]

Lloyd Bentsen

Leslie
    $1200 28
Maximilian

Eric
    $1200 24
Bobby Seale

Bob
    $1200 3
Patagonia

Eric
    $1200 8
[Applause for Bob's correct response]

Gulf Stream of consciousness raising

Bob
    $1600 19
Lay on, Macduff

Leslie
    $2,000 17
(Eric: Guess what, I'm not going to say it in front of everybody. $2,000, please.)
...
(Eric: Uh, who is... George Shultz?)
...
(Eric: Oh, the other one.)
(Alex: [Chuckles] The other one.)

Caspar Weinberger

Eric
    $1600 29
Tennyson

Eric
    $1600 25
(Eric: Who is Bobby Rahal?)
(Bob: Who is Bobby Unser?)

Bobby Allison

BobEric
Triple Stumper
    $1600 4
Western Sahara

Eric
    $1600 9
(Eric: Who is Sitting Bull in a China Shop Master?)
...
[Bob gets even bigger applause after this correct response]

Sitting Bull in a China Shop Steward

BobEric
    $2000 20
Cymbeline

Eric
    $2000 18
(Jack) Kemp

Bob
    $2000 30
(Alex: You are right, and that takes you to $25,500.)
[Applause]
(Alex: Big day for Eric Newhouse; strike hard, strike fast.)

Paganini

Eric
    $2000 26
Bob Livingston

Eric
    $2000 5
Sakhalin

Eric
    $2000 10
[Eric gets the biggest laughter and applause of the category for his final correct response.]

Sudden Death in the Afternoon of a Faun

Eric

Scores at the end of the Double Jeopardy! Round:

Bob Leslie Eric
$14,800 $2,800 $25,500

[wagering suggestions for these scores]

Final Jeopardy! Round responses

IN THE DICTIONARY
LeslieWhat is a dictionary writer?
$2,800
BobWhat is a lexicographer?
$14,800
EricWhat is a lexicographer?
$4,101
lexicographer

Final scores:

Bob Leslie Eric
$29,600 $0 $29,601
2nd place: $25,000 3rd place: $25,000 Finalist

Game dynamics:

Coryat scores:

Bob Leslie Eric
$9,200 $2,800 $27,000
17 R
(including 1 DD),
3 W
5 R,
1 W
31 R
(including 1 DD),
3 W
(including 1 DD)

Combined Coryat: $39,000

[game clues] [game scores] [suggest correction]

Game tape date: 2002-03-25
The J! Archive is created by fans, for fans. Scraping, republication, monetization, and malicious use prohibited; this site may use cookies and collect identifying information. See terms. The Jeopardy! game show and all elements thereof, including but not limited to copyright and trademark thereto, are the property of Jeopardy Productions, Inc. and are protected under law. This website is not affiliated with, sponsored by, or operated by Jeopardy Productions, Inc. Join the discussion at JBoard.tv.